000 00844nam a2200229Ia 4500
001 8422
003 GE_BSU
008 181216s||||||||xx |||||||||||||| ||und||
040 _cGE_BSU
080 _a821.353.1-32+39(=353.1)
100 _aვაჟა-ფშაველა
245 _aთხზულებათა სრული კრებული. ტ.4 პოემები 1901-1915
245 _b10 ტომად
245 _cსარედ. კოლეგ. გ. ლეონიძე
260 _aთბილისი
260 _bსაბჭოთა საქართველო
260 _c1964
300 _a396გვ.22სმ.ილ.
653 _aპოემები
653 _aპუბლიცისტური და ეთნოგრაფიული წერილები
942 _cBK
999 _c41741
_d41741